Music Quiz

Random Music or Billboard Quiz
Score 0/30 Timer 06:00
16 Plays Today
% Correct
Never
93.8%
Stop
92.9%
Look
92.1%
Coming
91.7%
Late
90.3%
Clearly
90.1%
Dance
89.7%
Stoppin'
89%
World
88.5%
Woman
88.3%
Be
88.2%
Love
87.6%
Here
86.6%
About
84.6%
Alone
83.7%
% Correct
Leave
79.7%
Holding
77.4%
Know
76.8%
Need
76.6%
Happy
75.7%
Hold
75.5%
Fly
73.2%
Sorry
71.9%
Sides
69.6%
Over
64.9%
Right
63.6%
All
53.7%
Even
41.6%
Speak
41.4%
Go
39.6%
Remove Ads.
Support Sporcle.
Get the best of Sporcle when you Go Orange. This ad-free experience offers more features, more stats, and more fun while also helping to support Sporcle. Thank you for becoming a member.

You're not logged in!

Compare scores with friends on all Sporcle quizzes.
OR
Log In

Show Comments

Extras

Top Quizzes Today


Score Distribution

Your Account Isn't Verified!

In order to create a playlist on Sporcle, you need to verify the email address you used during registration. Go to your Sporcle Settings to finish the process.

Report this User

Report this user for behavior that violates our Community Guidelines.

Details: